<?xml version="1.0" encoding="UTF-8"?>
<record
    xmlns:xsi="http://www.w3.org/2001/XMLSchema-instance"
    xsi:schemaLocation="http://www.loc.gov/MARC21/slim http://www.loc.gov/standards/marcxml/schema/MARC21slim.xsd"
    xmlns="http://www.loc.gov/MARC21/slim">

  <leader>01286cam a22002771  4500</leader>
  <controlfield tag="001">gs 05000367 </controlfield>
  <controlfield tag="003">DLC</controlfield>
  <controlfield tag="005">20260227111301.0</controlfield>
  <controlfield tag="008">760405s1885    xx a          000 0 eng c</controlfield>
  <datafield tag="010" ind1=" " ind2=" ">
    <subfield code="a">gs 05000367 </subfield>
  </datafield>
  <datafield tag="035" ind1=" " ind2=" ">
    <subfield code="a">(OCoLC)2094546</subfield>
  </datafield>
  <datafield tag="040" ind1=" " ind2=" ">
    <subfield code="a">U. S. Geol. survey. Library</subfield>
    <subfield code="c">MNS</subfield>
    <subfield code="d">MNS</subfield>
    <subfield code="d">OCoLC</subfield>
    <subfield code="d">DLC</subfield>
  </datafield>
  <datafield tag="042" ind1=" " ind2=" ">
    <subfield code="a">premarc</subfield>
  </datafield>
  <datafield tag="050" ind1="0" ind2="0">
    <subfield code="a">GS6</subfield>
    <subfield code="b">.I6 1881a</subfield>
  </datafield>
  <datafield tag="086" ind1="0" ind2=" ">
    <subfield code="a">W 7.5:W 56</subfield>
  </datafield>
  <datafield tag="100" ind1="1" ind2=" ">
    <subfield code="a">Wheeler, George M.</subfield>
    <subfield code="q">(George Montague),</subfield>
    <subfield code="d">1842-1905.</subfield>
  </datafield>
  <datafield tag="245" ind1="0" ind2="0">
    <subfield code="a">Report upon the Third International Geographical Congress and Exhibition at Venice, Italy, 1881,</subfield>
    <subfield code="b">accompanied by data concerning the principal government land and marine surveys of the world.</subfield>
    <subfield code="c">Prepared and submitted by Captain George M. Wheeler, Corps of engineers, U. S. Army, commissioner and delegate.</subfield>
  </datafield>
  <datafield tag="260" ind1=" " ind2=" ">
    <subfield code="a">Washington,</subfield>
    <subfield code="b">Govt. print. off.,</subfield>
    <subfield code="c">1885.</subfield>
  </datafield>
  <datafield tag="300" ind1=" " ind2=" ">
    <subfield code="a">586 p.</subfield>
    <subfield code="b">11 pl. (maps) 2 fold. tab.</subfield>
    <subfield code="c">30 cm.</subfield>
  </datafield>
  <datafield tag="490" ind1="0" ind2=" ">
    <subfield code="a">United States.  48th Congress, 2d Session House.  Ex. doc.</subfield>
    <subfield code="v">no. 270</subfield>
  </datafield>
  <datafield tag="500" ind1=" " ind2=" ">
    <subfield code="a">At head of title: War Department, Corps of Engineers, U. S. Army.</subfield>
  </datafield>
  <datafield tag="504" ind1=" " ind2=" ">
    <subfield code="a">"Published works of reference": p. 539-546.</subfield>
  </datafield>
  <datafield tag="650" ind1=" " ind2="0">
    <subfield code="a">Geography</subfield>
    <subfield code="v">Congresses.</subfield>
  </datafield>
  <datafield tag="710" ind1="1" ind2=" ">
    <subfield code="a">United States.</subfield>
    <subfield code="b">Engineering Department.</subfield>
  </datafield>
  <datafield tag="711" ind1="2" ind2=" ">
    <subfield code="a">International Geographical Congress</subfield>
    <subfield code="n">(3rd :</subfield>
    <subfield code="d">1881 :</subfield>
    <subfield code="c">Venice)</subfield>
  </datafield>
  <datafield tag="999" ind1=" " ind2=" ">
    <subfield code="c">24223</subfield>
    <subfield code="d">24223</subfield>
  </datafield>
</record>
